Matti Nykäsen diskografia - Statistics

Yleistilastot
  • Tätä visaa on pelattu 12 kertaa
  • Keskiarvotulos 9 / 38
Vastaustilastot
Vastaus % Oikein
Ehkä otin, ehkä en
82%
Elämä on laiffii
64%
Lennä Nykäsen Matti
55%
Mäkikotka ja häkkilintu
55%
Yllätysten yö
55%
Maan korvessa
45%
Markiisi De Sade
45%
Suomi
45%
Jokainen tsäänssi on mahdollisuus
36%
Kierros kaikille
36%
Samaa nauhaa
36%
Samurai
36%
Topless
36%
Lööpistä lööppiin
27%
Mennään tanssimaan
27%
Mervin ja Matin parempi rakkauslaulu
27%
V-tyyli
27%
Anna mulle sexii
18%
Kingi
18%
Moottoritie on kuuma
18%
Sydän villisti lyö
18%
Tää on mun elämää
18%
Tuusula mielessäin
18%
Vain mäkimies voi tietää sen
18%
Yy, kaa, koo, nee - vauhti kovenee
18%
Baby mä haluun sut
9%
Pidä varas
9%
Syli
9%
Voitosta voittoon
9%
Hyppää letukkaan
0%
Jälleen joulu on
0%
Jos sä haluut
0%
Jump and Fly
0%
Leipää ja vettä
0%
Mimmi
0%
Niin yksin mä oon
0%
Pomminvarma rakkaus
0%
Rakkauden laulu
0%
Ehtoja vastaavia visoja ei löytynyt
Tulosjakauma
Jokaisen tuloksen saaneiden osuus
Persentiili vastausten määrän mukaan
Tuloshistoriasi
Et ole pelannut tätä visaa